[Event "2025 National K-12 Grade Championship"]
[Site "Spokane, WI USA, United States"]
[Date "2025.12.12"]
[Round "2.24"]
[White "Manchanda, Advik"]
[Black "Babbar, Riaan"]
[Result "1/2-1/2"]
[TimeControl "G/90; d10"]
[WhiteTitle "CM"]
[WhiteFideId "30994977"]
[BlackFideId "39985814"]
[WhiteElo "2105"]
[BlackElo "1558"]

1. e4 {[%clk 01:29:34]} {[%emt 00:00:29]} e6 {[%clk 01:29:47]} {[%emt
00:00:24]} 2. d4 {[%clk 01:29:20]} {[%emt 00:00:24]} d5 {[%clk 01:29:47]}
{[%emt 00:00:08]} 3. Nc3 {[%clk 01:29:20]} {[%emt 00:00:07]} Bb4 {[%clk
01:29:47]} {[%emt 00:00:09]} 4. e5 {[%clk 01:29:20]} {[%emt 00:00:08]} c5
{[%clk 01:29:47]} {[%emt 00:00:08]} 5. a3 {[%clk 01:28:59]} {[%emt 00:00:31]}
Bxc3+ {[%clk 01:29:47]} {[%emt 00:00:09]} 6. bxc3 {[%clk 01:28:59]} {[%emt
00:00:08]} Ne7 {[%clk 01:29:43]} {[%emt 00:00:13]} 7. Qg4 {[%clk 01:28:00]}
{[%emt 00:01:09]} O-O {[%clk 01:29:37]} {[%emt 00:00:16]} 8. Nf3 {[%clk
01:26:01]} {[%emt 00:02:10]} Nbc6 {[%clk 01:27:15]} {[%emt 00:02:32]} 9. Bd3
{[%clk 01:24:59]} {[%emt 00:01:12]} f5 {[%clk 01:25:27]} {[%emt 00:01:58]} 10.
exf6 {[%clk 01:20:24]} {[%emt 00:04:46]} Rxf6 {[%clk 01:25:22]} {[%emt
00:00:14]} 11. Bg5 {[%clk 01:15:52]} {[%emt 00:04:41]} Rf7 {[%clk 01:23:43]}
{[%emt 00:01:50]} 12. Ne5 {[%clk 01:05:12]} {[%emt 00:10:50]} Nxe5 {[%clk
01:12:32]} {[%emt 00:11:20]} 13. dxe5 {[%clk 01:05:04]} {[%emt 00:00:18]} c4
{[%clk 01:10:26]} {[%emt 00:02:16]} 14. Be2 {[%clk 01:05:04]} {[%emt 00:00:09]}
Qb6 {[%clk 01:06:31]} {[%emt 00:04:06]} 15. O-O {[%clk 01:03:40]} {[%emt
00:01:33]} Nf5 {[%clk 00:59:19]} {[%emt 00:07:23]} 16. Qh3 {[%clk 01:01:57]}
{[%emt 00:01:53]} Bd7 {[%clk 00:57:05]} {[%emt 00:02:23]} 17. Bh5 {[%clk
00:58:20]} {[%emt 00:03:47]} g6 {[%clk 00:54:50]} {[%emt 00:02:26]} 18. Bg4
{[%clk 00:55:37]} {[%emt 00:02:51]} Ba4 {[%clk 00:49:55]} {[%emt 00:05:07]} 19.
Rab1 {[%clk 00:52:50]} {[%emt 00:02:57]} Qc7 {[%clk 00:48:22]} {[%emt
00:01:42]} 20. Bxf5 {[%clk 00:51:35]} {[%emt 00:01:25]} Rxf5 {[%clk 00:46:39]}
{[%emt 00:01:53]} 21. Bf6 {[%clk 00:49:55]} {[%emt 00:01:50]} Bxc2 {[%clk
00:45:10]} {[%emt 00:01:40]} 22. Rb2 {[%clk 00:49:20]} {[%emt 00:00:45]} Bd3
{[%clk 00:43:31]} {[%emt 00:01:48]} 23. Re1 {[%clk 00:49:13]} {[%emt 00:00:18]}
Rf8 {[%clk 00:41:42]} {[%emt 00:01:59]} 24. Qe3 {[%clk 00:48:59]} {[%emt
00:00:23]} b6 {[%clk 00:36:48]} {[%emt 00:05:05]} 25. g4 {[%clk 00:48:10]}
{[%emt 00:00:59]} R8xf6 {[%clk 00:36:11]} {[%emt 00:00:47]} 26. exf6 {[%clk
00:46:45]} {[%emt 00:01:35]} Rxf6 {[%clk 00:35:58]} {[%emt 00:00:24]} 27. g5
{[%clk 00:46:09]} {[%emt 00:00:46]} Rf5 {[%clk 00:35:44]} {[%emt 00:00:24]} 28.
Qxe6+ {[%clk 00:45:07]} {[%emt 00:01:11]} Qf7 {[%clk 00:35:20]} {[%emt
00:00:35]} 29. Qxf7+ {[%clk 00:42:31]} {[%emt 00:02:46]} Kxf7 {[%clk 00:35:09]}
{[%emt 00:00:21]} 30. h4 {[%clk 00:41:20]} {[%emt 00:01:21]} Rf4 {[%clk
00:34:23]} {[%emt 00:00:56]} 31. f3 {[%clk 00:39:48]} {[%emt 00:01:42]} d4
{[%clk 00:30:47]} {[%emt 00:03:46]} 32. cxd4 {[%clk 00:38:14]} {[%emt
00:01:44]} Rxd4 {[%clk 00:29:25]} {[%emt 00:01:32]} 33. Kf2 {[%clk 00:36:35]}
{[%emt 00:01:49]} Rxh4 {[%clk 00:27:26]} {[%emt 00:02:09]} 34. Ke3 {[%clk
00:35:22]} {[%emt 00:01:22]} Rh5 {[%clk 00:26:18]} {[%emt 00:01:19]} 35. Rg1
{[%clk 00:33:45]} {[%emt 00:01:47]} Ke6 {[%clk 00:25:50]} {[%emt 00:00:37]} 36.
a4 {[%clk 00:32:12]} {[%emt 00:01:44]} Kd6 {[%clk 00:24:50]} {[%emt 00:01:09]}
37. Rb5 {[%clk 00:30:10]} {[%emt 00:02:12]} Rh2 {[%clk 00:23:47]} {[%emt
00:01:13]} 38. a5 {[%clk 00:29:50]} {[%emt 00:00:30]} Kc6 {[%clk 00:23:13]}
{[%emt 00:00:44]} 39. Re5 {[%clk 00:29:29]} {[%emt 00:00:30]} Re2+ {[%clk
00:20:25]} {[%emt 00:02:58]} 40. Kf4 {[%clk 00:28:13]} {[%emt 00:01:25]} Rxe5
{[%clk 00:20:25]} {[%emt 00:00:09]} 41. Kxe5 {[%clk 00:27:52]} {[%emt
00:00:30]} Kc5 {[%clk 00:20:23]} {[%emt 00:00:13]} 42. Rh1 {[%clk 00:24:24]}
{[%emt 00:03:39]} bxa5 {[%clk 00:18:33]} {[%emt 00:02:00]} 43. Rxh7 {[%clk
00:24:01]} {[%emt 00:00:32]} a4 {[%clk 00:17:36]} {[%emt 00:01:07]} 44. Rxa7
{[%clk 00:23:06]} {[%emt 00:01:05]} Kb4 {[%clk 00:17:36]} {[%emt 00:00:10]} 45.
Kd4 {[%clk 00:22:39]} {[%emt 00:00:37]} Kb3 {[%clk 00:17:28]} {[%emt 00:00:18]}
46. Rb7+ {[%clk 00:20:50]} {[%emt 00:01:58]} Kc2 {[%clk 00:17:28]} {[%emt
00:00:09]} 47. Ra7 {[%clk 00:17:45]} {[%emt 00:03:15]} Kb3 {[%clk 00:16:37]}
{[%emt 00:01:01]} 48. Rb7+ {[%clk 00:16:49]} 1/2-1/2

[Event "2025 National K-12 Grade Championship"]
[Site "Spokane, WI USA, United States"]
[Date "2025.12.12"]
[Round "2.25"]
[White "Samanta, Aayansh"]
[Black "Rogov, Richard"]
[Result "1-0"]
[TimeControl "G/90; d10"]
[WhiteFideId "39923290"]
[BlackFideId "39987540"]
[WhiteElo "2093"]
[BlackElo "1416"]

1. e4 {[%clk 01:30:00]} {[%emt 00:00:06]} e5 {[%clk 01:30:00]} {[%emt
00:00:05]} 2. Nf3 {[%clk 01:30:00]} {[%emt 00:00:02]} Nc6 {[%clk 01:30:00]}
{[%emt 00:00:06]} 3. Bc4 {[%clk 01:30:00]} {[%emt 00:00:03]} Bc5 {[%clk
01:30:00]} {[%emt 00:00:07]} 4. c3 {[%clk 01:30:00]} {[%emt 00:00:03]} Nf6
{[%clk 01:30:00]} {[%emt 00:00:06]} 5. d3 {[%clk 01:30:00]} {[%emt 00:00:05]}
O-O {[%clk 01:30:00]} {[%emt 00:00:09]} 6. O-O {[%clk 01:30:00]} {[%emt
00:00:02]} d6 {[%clk 01:29:56]} {[%emt 00:00:14]} 7. Nbd2 {[%clk 01:29:56]}
{[%emt 00:00:16]} Bg4 {[%clk 01:29:30]} {[%emt 00:00:35]} 8. Re1 {[%clk
01:29:56]} {[%emt 00:00:08]} Bb6 {[%clk 01:28:05]} {[%emt 00:01:35]} 9. Nf1
{[%clk 01:29:51]} {[%emt 00:00:15]} Qd7 {[%clk 01:26:42]} {[%emt 00:01:33]} 10.
Ng3 {[%clk 01:29:22]} {[%emt 00:00:39]} Bxf3 {[%clk 01:26:02]} {[%emt
00:00:51]} 11. Qxf3 {[%clk 01:29:20]} {[%emt 00:00:13]} Qg4 {[%clk 01:25:34]}
{[%emt 00:00:36]} 12. Qf5 {[%clk 01:28:08]} {[%emt 00:01:23]} Qxf5 {[%clk
01:25:04]} {[%emt 00:00:41]} 13. Nxf5 {[%clk 01:28:08]} {[%emt 00:00:04]} g6
{[%clk 01:24:17]} {[%emt 00:00:56]} 14. Ng3 {[%clk 01:27:16]} {[%emt 00:01:01]}
Na5 {[%clk 01:23:38]} {[%emt 00:00:49]} 15. Bb5 {[%clk 01:27:16]} {[%emt
00:00:08]} Ng4 {[%clk 01:22:42]} {[%emt 00:01:05]} 16. Re2 {[%clk 01:27:16]}
{[%emt 00:00:07]} f5 {[%clk 01:21:39]} {[%emt 00:01:12]} 17. exf5 {[%clk
01:26:24]} {[%emt 00:01:03]} gxf5 {[%clk 01:21:21]} {[%emt 00:00:28]} 18. Bd7
{[%clk 01:26:20]} {[%emt 00:00:15]} Nxf2 {[%clk 01:19:36]} {[%emt 00:01:55]} 19.
Rxf2 {[%clk 01:25:44]} {[%emt 00:00:46]} Bxf2+ {[%clk 01:18:53]} {[%emt
00:00:53]} 20. Kxf2 {[%clk 01:25:44]} {[%emt 00:00:02]} e4 {[%clk 01:16:25]}
{[%emt 00:02:38]} 21. dxe4 {[%clk 01:23:30]} {[%emt 00:02:24]} fxe4+ {[%clk
01:16:16]} {[%emt 00:00:18]} 22. Ke2 {[%clk 01:23:30]} {[%emt 00:00:03]} Rad8
{[%clk 01:15:00]} {[%emt 00:01:25]} 23. Ba4 {[%clk 01:20:55]} {[%emt 00:02:47]}
d5 {[%clk 01:14:10]} {[%emt 00:00:58]} 24. b4 {[%clk 01:18:42]} {[%emt
00:02:26]} Nc4 {[%clk 01:13:38]} {[%emt 00:00:41]} 25. Bb3 {[%clk 01:18:41]}
{[%emt 00:00:11]} b5 {[%clk 01:13:13]} {[%emt 00:00:34]} 26. Be3 {[%clk
01:18:13]} {[%emt 00:00:40]} a6 {[%clk 01:12:46]} {[%emt 00:00:37]} 27. Bxc4
{[%clk 01:17:55]} {[%emt 00:00:28]} bxc4 {[%clk 01:12:22]} {[%emt 00:00:33]} 28.
a4 {[%clk 01:17:55]} {[%emt 00:00:10]} c6 {[%clk 01:12:01]} {[%emt 00:00:28]}
29. Bd4 {[%clk 01:17:48]} {[%emt 00:00:19]} Rf7 {[%clk 01:11:28]} {[%emt
00:00:42]} 30. Bc5 {[%clk 01:16:48]} {[%emt 00:01:12]} Re8 {[%clk 01:10:34]}
{[%emt 00:01:02]} 31. Rf1 {[%clk 01:14:09]} {[%emt 00:02:47]} Rxf1 {[%clk
01:10:29]} {[%emt 00:00:17]} 32. Nxf1 {[%clk 01:14:09]} {[%emt 00:00:02]} Kf7
{[%clk 01:10:07]} {[%emt 00:00:31]} 33. Ke3 {[%clk 01:13:44]} {[%emt 00:00:37]}
Kg6 {[%clk 01:09:06]} {[%emt 00:01:10]} 34. Ng3 {[%clk 01:13:44]} {[%emt
00:00:06]} h5 {[%clk 01:08:32]} {[%emt 00:00:43]} 35. Ne2 {[%clk 01:13:44]}
{[%emt 00:00:05]} Ra8 {[%clk 01:06:20]} {[%emt 00:02:21]} 36. Nd4 {[%clk
01:13:34]} {[%emt 00:00:21]} a5 {[%clk 01:05:38]} {[%emt 00:00:52]} 37. b5
{[%clk 01:13:34]} {[%emt 00:00:08]} cxb5 {[%clk 01:05:29]} {[%emt 00:00:18]} 38.
axb5 {[%clk 01:13:34]} {[%emt 00:00:03]} a4 {[%clk 01:05:14]} {[%emt 00:00:25]}
39. b6 {[%clk 01:13:08]} {[%emt 00:00:35]} a3 {[%clk 01:04:53]} {[%emt
00:00:30]} 40. Bxa3 {[%clk 01:13:08]} {[%emt 00:00:02]} Rxa3 {[%clk 01:04:28]}
{[%emt 00:00:35]} 41. b7 {[%clk 01:13:08]} {[%emt 00:00:06]} Rxc3+ {[%clk
01:03:14]} {[%emt 00:01:24]} 42. Ke2 {[%clk 01:13:08]} {[%emt 00:00:06]} Ra3
{[%clk 00:52:02]} {[%emt 00:11:22]} 43. b8=Q {[%clk 01:13:03]} {[%emt
00:00:15]} Ra2+ {[%clk 00:51:55]} {[%emt 00:00:15]} 44. Kd1 {[%clk 01:13:03]}
{[%emt 00:00:04]} Ra1+ {[%clk 00:50:03]} {[%emt 00:02:00]} 45. Kc2 {[%clk
01:13:02]} {[%emt 00:00:12]} Rg1 {[%clk 00:49:55]} {[%emt 00:00:18]} 46. Qd6+
{[%clk 01:12:59]} {[%emt 00:00:13]} Kh7 {[%clk 00:49:37]} {[%emt 00:00:27]} 47.
Qd7+ {[%clk 01:12:59]} {[%emt 00:00:06]} Kh6 {[%clk 00:48:55]} {[%emt
00:00:49]} 48. Qe6+ {[%clk 01:12:59]} {[%emt 00:00:10]} Kh7 {[%clk 00:48:39]}
{[%emt 00:00:24]} 49. Qf5+ {[%clk 01:12:59]} {[%emt 00:00:11]} Kg7 {[%clk
00:48:26]} {[%emt 00:00:20]} 50. Ne6+ {[%clk 01:12:59]} {[%emt 00:00:10]} Kg8
{[%clk 00:47:57]} {[%emt 00:00:39]} 51. Qf8+ {[%clk 01:12:59]} {[%emt
00:00:08]} Kh7 {[%clk 00:47:57]} {[%emt 00:00:10]} 52. Qg7# {[%clk 01:12:59]}
{[%emt 00:00:04]} 1-0

[Event "2025 National K-12 Grade Championship"]
[Site "Spokane, WI USA, United States"]
[Date "2025.12.12"]
[Round "2.27"]
[White "Ye, Brian"]
[Black "Yenamandra, Srikar"]
[Result "1-0"]
[TimeControl "G/90; d10"]
[WhiteFideId "39951022"]
[BlackFideId "39997189"]
[WhiteElo "1887"]
[BlackElo "1144"]

1. e4 {[%clk 01:30:00]} {[%emt 00:00:02]} c5 {[%clk 01:30:00]} {[%emt
00:00:05]} 2. c3 {[%clk 01:30:00]} {[%emt 00:00:05]} d5 {[%clk 01:29:59]}
{[%emt 00:00:11]} 3. exd5 {[%clk 01:30:00]} {[%emt 00:00:08]} Qxd5 {[%clk
01:29:53]} {[%emt 00:00:16]} 4. d4 {[%clk 01:30:00]} {[%emt 00:00:09]} cxd4
{[%clk 01:29:38]} {[%emt 00:00:24]} 5. cxd4 {[%clk 01:29:59]} {[%emt 00:00:11]}
Bf5 {[%clk 01:29:18]} {[%emt 00:00:31]} 6. Nc3 {[%clk 01:29:54]} {[%emt
00:00:14]} Qd8 {[%clk 01:29:04]} {[%emt 00:00:25]} 7. Nf3 {[%clk 01:29:53]}
{[%emt 00:00:11]} Nf6 {[%clk 01:28:51]} {[%emt 00:00:22]} 8. Bb5+ {[%clk
01:29:41]} {[%emt 00:00:23]} Nbd7 {[%clk 01:28:34]} {[%emt 00:00:27]} 9. O-O
{[%clk 01:29:19]} {[%emt 00:00:32]} g6 {[%clk 01:28:11]} {[%emt 00:00:33]} 10.
Nh4 {[%clk 01:24:04]} {[%emt 00:05:23]} Be4 {[%clk 01:24:02]} {[%emt 00:04:21]}
11. Re1 {[%clk 01:23:13]} {[%emt 00:01:01]} Bc6 {[%clk 01:23:16]} {[%emt
00:00:56]} 12. d5 {[%clk 01:19:32]} {[%emt 00:03:51]} Bxb5 {[%clk 01:21:49]}
{[%emt 00:01:38]} 13. Nxb5 {[%clk 01:19:32]} {[%emt 00:00:05]} Qb6 {[%clk
01:17:23]} {[%emt 00:04:36]} 14. a4 {[%clk 01:18:04]} {[%emt 00:01:38]} a6
{[%clk 01:17:03]} {[%emt 00:00:30]} 15. Be3 {[%clk 01:17:49]} {[%emt 00:00:24]}
Nc5 {[%clk 01:14:03]} {[%emt 00:03:11]} 16. b4 {[%clk 01:16:58]} {[%emt
00:01:00]} axb5 {[%clk 01:12:58]} {[%emt 00:01:15]} 17. Bxc5 {[%clk 01:16:58]}
{[%emt 00:00:08]} Qd8 {[%clk 01:11:20]} {[%emt 00:01:48]} 18. Bxe7 {[%emt
00:02:38]} Bxe7 {[%clk 01:10:18]} {[%emt 00:01:09]} 19. d6 {[%clk 01:14:33]}
{[%emt 00:00:07]} Ng8 {[%clk 01:00:24]} {[%emt 00:10:03]} 20. Qd4 {[%clk
01:14:15]} {[%emt 00:00:28]} f6 {[%clk 00:59:20]} {[%emt 00:01:15]} 21. Qd5
{[%clk 01:05:17]} {[%emt 00:09:06]} Qd7 {[%clk 00:56:20]} {[%emt 00:03:11]} 22.
Rac1 {[%clk 01:04:11]} {[%emt 00:01:15]} Rc8 {[%clk 00:52:24]} {[%emt
00:04:07]} 23. dxe7 {[%clk 00:50:19]} {[%emt 00:14:00]} Nxe7 {[%clk 00:50:09]}
{[%emt 00:02:28]} 24. Rxc8+ {[%clk 00:49:57]} {[%emt 00:00:32]} Qxc8 {[%clk
00:49:55]} {[%emt 00:00:24]} 25. Qd6 {[%clk 00:47:07]} {[%emt 00:02:57]} Qd7
{[%clk 00:48:34]} {[%emt 00:01:35]} 26. Qb8+ {[%clk 00:47:07]} {[%emt
00:00:08]} Qd8 {[%clk 00:47:43]} {[%emt 00:01:00]} 27. Qxb7 {[%clk 00:47:06]}
{[%emt 00:00:11]} bxa4 {[%clk 00:47:02]} {[%emt 00:00:52]} 28. Qc6+ {[%clk
00:46:48]} {[%emt 00:00:28]} Qd7 {[%clk 00:46:43]} {[%emt 00:00:30]} 29. Qa8+
{[%clk 00:44:40]} {[%emt 00:02:17]} Qd8 {[%clk 00:46:37]} {[%emt 00:00:16]} 30.
Qxa4+ {[%clk 00:44:40]} {[%emt 00:00:06]} Qd7 {[%clk 00:45:48]} {[%emt
00:00:59]} 31. Qa8+ {[%clk 00:44:03]} {[%emt 00:00:47]} Qd8 {[%clk 00:45:38]}
{[%emt 00:00:20]} 32. Qc6+ {[%clk 00:44:03]} {[%emt 00:00:06]} Qd7 {[%clk
00:45:13]} {[%emt 00:00:35]} 33. Qxf6 {[%clk 00:44:03]} {[%emt 00:00:07]} Rf8
{[%clk 00:44:17]} {[%emt 00:01:06]} 34. Qe5 {[%clk 00:43:54]} {[%emt 00:00:18]}
Qa7 {[%clk 00:43:02]} {[%emt 00:01:26]} 35. Nf3 {[%clk 00:43:25]} {[%emt
00:00:39]} Qb7 {[%clk 00:37:53]} {[%emt 00:05:20]} 36. b5 {[%clk 00:42:46]}
{[%emt 00:00:49]} Rf5 {[%clk 00:35:34]} {[%emt 00:02:28]} 37. Qh8+ {[%clk
00:41:48]} {[%emt 00:01:08]} Rf8 {[%clk 00:32:49]} {[%emt 00:02:56]} 38. Qxh7
{[%clk 00:40:03]} {[%emt 00:01:54]} Kd8 {[%clk 00:29:59]} {[%emt 00:02:59]} 39.
Nd4 {[%clk 00:37:13]} {[%emt 00:03:01]} Re8 {[%clk 00:27:22]} {[%emt 00:02:47]}
40. Nc6+ {[%clk 00:36:57]} {[%emt 00:00:26]} Kc8 {[%clk 00:25:16]} {[%emt
00:02:15]} 41. Rxe7 {[%clk 00:36:53]} {[%emt 00:00:15]} Rxe7 {[%clk 00:24:34]}
{[%emt 00:00:52]} 42. Qxe7 {[%clk 00:36:53]} {[%emt 00:00:02]} Qxe7 {[%clk
00:23:47]} {[%emt 00:00:56]} 43. Nxe7+ {[%clk 00:36:52]} {[%emt 00:00:11]} Kb7
{[%clk 00:23:44]} {[%emt 00:00:13]} 44. Nxg6 {[%clk 00:36:52]} {[%emt
00:00:06]} Kb6 {[%clk 00:23:44]} {[%emt 00:00:06]} 45. h4 {[%clk 00:36:30]}
{[%emt 00:00:31]} Kxb5 {[%clk 00:23:44]} {[%emt 00:00:09]} 46. h5 {[%clk
00:36:30]} {[%emt 00:00:06]} Kc4 {[%clk 00:23:33]} {[%emt 00:00:20]} 47. h6
{[%clk 00:36:30]} {[%emt 00:00:06]} Kd5 {[%clk 00:23:33]} {[%emt 00:00:07]} 48.
h7 {[%clk 00:36:30]} {[%emt 00:00:09]} Ke4 {[%clk 00:23:17]} {[%emt 00:00:26]}
49. h8=Q {[%clk 00:36:30]} {[%emt 00:00:08]} Kd3 {[%clk 00:23:16]} {[%emt
00:00:11]} 50. Qe5 {[%clk 00:36:30]} {[%emt 00:00:07]} Kc2 {[%clk 00:23:01]}
{[%emt 00:00:27]} 51. Qd4 {[%clk 00:36:30]} {[%emt 00:00:05]} Kb3 {[%clk
00:22:57]} {[%emt 00:00:14]} 52. Ne5 {[%clk 00:36:30]} {[%emt 00:00:06]} Kc2
{[%clk 00:22:43]} {[%emt 00:00:25]} 53. Qd3+ {[%clk 00:36:30]} {[%emt
00:00:06]} Kb2 {[%clk 00:22:42]} {[%emt 00:00:11]} 54. Nc4+ {[%clk 00:36:30]}
{[%emt 00:00:07]} Kc1 {[%clk 00:22:38]} {[%emt 00:00:14]} 55. Qd2+ {[%clk
00:36:30]} {[%emt 00:00:05]} Kb1 {[%clk 00:22:38]} {[%emt 00:00:05]} 56. Qb2#
{[%clk 00:36:30]} 1-0

[Event "2025 National K-12 Grade Championship"]
[Site "Spokane, WI USA, United States"]
[Date "2025.12.12"]
[Round "2.29"]
[White "Yilanli, Mehmet"]
[Black "Chen, Eason"]
[Result "1-0"]
[TimeControl "G/90; d10"]
[WhiteFideId "39959961"]
[BlackFideId "39987272"]
[WhiteElo "1959"]
[BlackElo "1052"]

1. d4 {[%clk 01:30:00]} {[%emt 00:00:03]} Nf6 {[%clk 01:25:27]} {[%emt
00:04:44]} 2. Bf4 {[%clk 01:30:00]} {[%emt 00:00:06]} c5 {[%clk 01:25:23]}
{[%emt 00:00:13]} 3. d5 {[%clk 01:30:00]} {[%emt 00:00:06]} d6 {[%clk
01:24:20]} {[%emt 00:01:13]} 4. Nc3 {[%clk 01:30:00]} {[%emt 00:00:06]} g6
{[%clk 01:23:02]} {[%emt 00:01:28]} 5. e4 {[%clk 01:30:00]} {[%emt 00:00:04]}
Nbd7 {[%clk 01:21:23]} {[%emt 00:01:48]} 6. Nf3 {[%clk 01:30:00]} {[%emt
00:00:09]} Bg7 {[%clk 01:20:02]} {[%emt 00:01:31]} 7. a4 {[%clk 01:30:00]}
{[%emt 00:00:07]} b6 {[%clk 01:18:59]} {[%emt 00:01:14]} 8. Bc4 {[%clk
01:29:43]} {[%emt 00:00:27]} Bb7 {[%clk 01:17:15]} {[%emt 00:01:50]} 9. O-O
{[%clk 01:29:29]} {[%emt 00:00:28]} O-O {[%clk 01:16:41]} {[%emt 00:00:43]} 10.
h3 {[%clk 01:29:29]} {[%emt 00:00:06]} Qc7 {[%clk 01:15:41]} {[%emt 00:01:11]}
11. Nd2 {[%clk 01:29:18]} {[%emt 00:00:21]} Rfe8 {[%clk 01:14:52]} {[%emt
00:00:55]} 12. Bh2 {[%clk 01:28:33]} {[%emt 00:00:58]} Kh8 {[%clk 01:13:48]}
{[%emt 00:01:12]} 13. f4 {[%clk 01:28:33]} {[%emt 00:00:11]} e5 {[%clk
01:12:54]} {[%emt 00:01:04]} 14. Qe2 {[%clk 01:26:59]} {[%emt 00:01:43]} a6
{[%clk 01:12:13]} {[%emt 00:00:52]} 15. Ba2 {[%clk 01:26:31]} {[%emt 00:00:39]}
exf4 {[%clk 01:07:58]} {[%emt 00:04:24]} 16. Bxf4 {[%clk 01:26:31]} {[%emt
00:00:09]} Ne5 {[%clk 01:07:36]} {[%emt 00:00:31]} 17. Nf3 {[%clk 01:24:42]}
{[%emt 00:02:00]} Nfd7 {[%clk 01:06:35]} {[%emt 00:01:11]} 18. Bh2 {[%clk
01:23:38]} {[%emt 00:01:14]} Rf8 {[%clk 01:01:55]} {[%emt 00:04:50]} 19. Kh1
{[%clk 01:21:18]} {[%emt 00:02:30]} Rae8 {[%clk 01:00:06]} {[%emt 00:01:58]} 20.
Rad1 {[%clk 01:21:15]} {[%emt 00:00:13]} f5 {[%clk 00:57:40]} {[%emt 00:02:36]}
21. Ng5 {[%clk 01:21:06]} {[%emt 00:00:18]} h6 {[%clk 00:48:06]} {[%emt
00:09:44]} 22. Ne6 {[%clk 01:21:06]} {[%emt 00:00:06]} Qc8 {[%clk 00:47:16]}
{[%emt 00:00:55]} 23. Nxf8 {[%clk 01:21:06]} {[%emt 00:00:14]} Rxf8 {[%clk
00:46:57]} {[%emt 00:00:29]} 24. exf5 {[%clk 01:21:06]} {[%emt 00:00:08]} gxf5
{[%clk 00:46:27]} {[%emt 00:00:40]} 25. Qh5 {[%clk 01:20:50]} {[%emt 00:00:26]}
Nf6 {[%clk 00:45:14]} {[%emt 00:01:23]} 26. Qxf5 {[%clk 01:20:50]} {[%emt
00:00:06]} Qxf5 {[%clk 00:45:08]} {[%emt 00:00:17]} 27. Rxf5 {[%clk 01:20:50]}
{[%emt 00:00:05]} Bc8 {[%clk 00:44:59]} {[%emt 00:00:19]} 28. Rff1 {[%clk
01:20:49]} {[%emt 00:00:11]} Re8 {[%clk 00:44:25]} {[%emt 00:00:44]} 29. Rde1
{[%clk 01:20:49]} {[%emt 00:00:07]} Bd7 {[%clk 00:43:55]} {[%emt 00:00:41]} 30.
Bxe5 {[%clk 01:20:09]} {[%emt 00:00:49]} dxe5 {[%clk 00:43:40]} {[%emt
00:00:25]} 31. Ne4 {[%clk 01:20:09]} {[%emt 00:00:06]} Nxe4 {[%clk 00:43:22]}
{[%emt 00:00:27]} 32. Rxe4 {[%clk 01:20:09]} {[%emt 00:00:05]} b5 {[%clk
00:43:09]} {[%emt 00:00:24]} 33. Rf7 {[%clk 01:20:09]} {[%emt 00:00:09]} Rd8
{[%clk 00:42:10]} {[%emt 00:01:09]} 34. a5 {[%clk 01:18:54]} {[%emt 00:01:26]}
Kg8 {[%clk 00:41:43]} {[%emt 00:00:32]} 35. Rf1 {[%clk 01:17:40]} {[%emt
00:01:30]} Re8 {[%clk 00:40:22]} {[%emt 00:01:30]} 36. Re3 {[%clk 01:17:26]}
{[%emt 00:00:24]} c4 {[%clk 00:39:50]} {[%emt 00:00:42]} 37. b3 {[%clk
01:17:10]} {[%emt 00:00:25]} cxb3 {[%clk 00:39:50]} {[%emt 00:00:11]} 38. Bxb3
{[%clk 01:17:10]} {[%emt 00:00:09]} e4 {[%clk 00:39:36]} {[%emt 00:00:24]} 39.
Rg3 {[%clk 01:17:07]} {[%emt 00:00:11]} Kh8 {[%clk 00:38:43]} {[%emt 00:01:03]}
40. Re1 {[%clk 01:15:22]} {[%emt 00:01:55]} Bf5 {[%clk 00:37:05]} {[%emt
00:01:49]} 41. Rf3 {[%clk 01:14:14]} {[%emt 00:01:14]} Bg6 {[%clk 00:36:20]}
{[%emt 00:00:54]} 42. Rff1 {[%clk 01:13:39]} {[%emt 00:00:49]} e3 {[%clk
00:35:48]} {[%emt 00:00:42]} 43. d6 {[%clk 01:13:01]} {[%emt 00:00:49]} e2
{[%clk 00:35:35]} {[%emt 00:00:22]} 44. Rf2 {[%clk 01:13:01]} {[%emt 00:00:08]}
Rd8 {[%clk 00:34:09]} {[%emt 00:01:35]} 45. Rfxe2 {[%clk 01:11:48]} {[%emt
00:01:23]} Rxd6 {[%clk 00:33:46]} {[%emt 00:00:34]} 46. Re6 {[%clk 01:11:48]}
{[%emt 00:00:05]} Rxe6 {[%clk 00:33:40]} {[%emt 00:00:16]} 47. Rxe6 {[%clk
01:11:48]} {[%emt 00:00:07]} Bf5 {[%clk 00:32:48]} {[%emt 00:01:02]} 48. Rxa6
{[%clk 01:11:48]} {[%emt 00:00:07]} Kh7 {[%clk 00:32:07]} {[%emt 00:00:49]} 49.
Ra8 {[%clk 01:11:23]} {[%emt 00:00:37]} Be5 {[%clk 00:31:34]} {[%emt 00:00:43]}
50. Bd5 {[%clk 01:11:15]} {[%emt 00:00:17]} Bxc2 {[%clk 00:30:52]} {[%emt
00:00:52]} 51. a6 {[%clk 01:11:15]} {[%emt 00:00:08]} b4 {[%clk 00:30:24]}
{[%emt 00:00:37]} 52. a7 {[%clk 01:11:15]} {[%emt 00:00:09]} b3 {[%clk
00:30:02]} {[%emt 00:00:32]} 53. Bxb3 {[%clk 01:10:59]} {[%emt 00:00:27]} Bxb3
{[%clk 00:30:02]} {[%emt 00:00:07]} 54. Rd8 {[%clk 01:10:59]} {[%emt 00:00:07]}
Bf6 {[%clk 00:29:17]} {[%emt 00:00:52]} 55. Rd7+ {[%clk 01:10:59]} {[%emt
00:00:11]} Kg6 {[%clk 00:29:16]} {[%emt 00:00:11]} 56. a8=Q {[%clk 01:10:58]}
{[%emt 00:00:11]} Be6 {[%clk 00:29:11]} {[%emt 00:00:15]} 57. Qe4+ {[%clk
01:10:58]} {[%emt 00:00:10]} Bf5 {[%clk 00:29:05]} {[%emt 00:00:16]} 58. Qe8+
{[%clk 01:10:58]} {[%emt 00:00:10]} Kg5 {[%clk 00:28:45]} {[%emt 00:00:30]} 59.
g4 {[%clk 01:10:57]} {[%emt 00:00:10]} Bxd7 {[%clk 00:27:48]} {[%emt 00:01:07]}
60. Qxd7 {[%clk 01:10:57]} {[%emt 00:00:09]} Kg6 {[%clk 00:27:48]} {[%emt
00:00:09]} 61. Kg2 {[%clk 01:10:57]} {[%emt 00:00:07]} Bg5 {[%clk 00:27:07]}
{[%emt 00:00:51]} 62. Kf3 {[%clk 01:10:57]} {[%emt 00:00:11]} Bf6 {[%clk
00:25:42]} {[%emt 00:01:35]} 63. Kf4 {[%clk 01:10:56]} {[%emt 00:00:11]} Bg5+
{[%clk 00:25:07]} {[%emt 00:00:45]} 64. Ke5 {[%clk 01:10:52]} {[%emt 00:00:14]}
Bf6+ {[%clk 00:25:01]} {[%emt 00:00:16]} 65. Ke6 {[%clk 01:10:52]} {[%emt
00:00:03]} Kg5 {[%clk 00:24:40]} {[%emt 00:00:30]} 66. h4+ {[%clk 01:10:45]}
{[%emt 00:00:17]} Kxh4 {[%clk 00:24:31]} {[%emt 00:00:19]} 67. Kxf6 {[%clk
01:10:45]} {[%emt 00:00:06]} h5 {[%clk 00:24:13]} {[%emt 00:00:29]} 68. gxh5
{[%clk 01:10:45]} {[%emt 00:00:08]} Kxh5 {[%clk 00:24:13]} {[%emt 00:00:10]} 69.
Qh3+ {[%clk 01:10:45]} 1-0